Propuestas de Paulo Freire para una renovación educativa /
Guardado en:
| Autores corporativos: | , |
|---|---|
| 其他作者: | , |
| 格式: | Procedimiento de la conferencia 圖書 |
| 語言: | 西班牙语 |
| 出版: |
Guadalajara, México : Pátzcuaro, México : Panamá, Panamá :
ITESO ; Centro de Cooperación Regional para la Educación de Adultos en América Latina y El Caribe ; Consejo de Educación de Adultos de América Latina,
2005, c2005
|
| 主題: | |
| 標簽: |
沒有標簽, 成為第一個標記此記錄!
|
MARC
| LEADER | 00000nam^a2200000^a^4500 | ||
|---|---|---|---|
| 001 | 000186764 | ||
| 005 | 20250521000000.0 | ||
| 009 | 20260310102236.908 | ||
| 020 | |a 968-5087-74-1 | ||
| 037 | |a Acervo ITESO - Biblioteca | ||
| 041 | |a ESP | ||
| 082 | |a 370. 1 |b ENC 2002 | ||
| 111 | |a Encuentro Retos de la Renovación Educativa: Hacia la Búsqueda de Alternativas ( |d 2002 : |c Guadalajara, México) | ||
| 245 | 1 | 0 | |a Propuestas de Paulo Freire para una renovación educativa / |c Coord. e introd. de C. Núñez Hurtado ; colaboración de M.L. Llama González. |
| 264 | 4 | |a Guadalajara, México : |b ITESO ; |a Pátzcuaro, México : |b Centro de Cooperación Regional para la Educación de Adultos en América Latina y El Caribe ; |a Panamá, Panamá : |b Consejo de Educación de Adultos de América Latina, |c 2005, c2005 | |
| 300 | |a 183 p. | ||
| 336 | |a texto |b txt |2 rdacontenido | ||
| 337 | |a sin mediación |b n |2 rdamedio | ||
| 338 | |a volumen |b nc |2 rdasoporte | ||
| 649 | |a XX | ||
| 650 | |a Educadores Brasileños | ||
| 650 | |a Diseño y Revisión Curricular | ||
| 650 | |a Currículo | ||
| 650 | |a Innovación Educativa - |x Tema Principal | ||
| 650 | |a Axiología de la Educación | ||
| 650 | |a Epistemología de la Educación | ||
| 650 | |a Filosofía de la Educación | ||
| 650 | |a Finalidades de la Educación | ||
| 650 | |a Educación y Política | ||
| 650 | |a Educación Superior | ||
| 650 | |a Educación - |x Congresos - |x Tema Principal | ||
| 650 | |a Freire, Paulo - |x Tema Principal | ||
| 711 | |a Cátedra Paulo Freire | ||
| 700 | |a Núñez Hurtado, Carlos |e (coordinación) | ||
| 700 | |a Llama González, María Lourdes |e (colaboración) | ||
| 910 | |a Fondo General | ||
| 920 | |a Impresos - Libros | ||
| 930 | |a Colección General | ||
| 905 | |a 101 | ||
| 901 | |a 0500128585 |b IT1 |c ACC |u 20250521 | ||
| 901 | |a 0500128582 |b IT1 |c ACC |u 20250521 | ||
| 902 | |a https://opac.biblio.iteso.mx/vufind/Record/000186764 | ||